| 000 | 00816nam a22002417a 4500 | ||
|---|---|---|---|
| 005 | 20100813153046.0 | ||
| 010 | _aENG-100393 | ||
| 020 | _c250.00.0 | ||
| 035 | _aEN-83925 | ||
| 037 | _bDBAD/PUB | ||
| 082 | _a327.09540456 | ||
| 100 |
_aDhadphale, M.G. _913253 |
||
| 245 |
_aIndo-Italica / _cby M.G Dhadphale |
||
| 260 |
_aPune _bSavitri Prakashana _c2009 |
||
| 270 |
_bPune _e411030 _a2,Yashodeep -B,Rambaug Colony,SadashivPeth |
||
| 300 |
_a141p. _c20cm (pbk) |
||
| 500 | _aIncludes bibliographical references | ||
| 650 |
_aInternational Relation _913254 |
||
| 700 | _912759 | ||
| 700 | _912760 | ||
| 942 |
_2ddc _cEN _h327.09540456 _mDHA |
||
| 999 |
_c41860 _d41860 |
||